000 00458ntaaa2200181 4500
003 01
005 20251027202709.0
008 0714s1973 ag 01
040 _aAR-BaBN
_bspa
_cAR-BaBN
_eaacr
_dRIC
082 _a492.4000 B14
100 _aBagster and Sons Ltd., Samuel
_926656
245 _aHebrew-English lexicon
250 _a1 ed.
260 _aLondon :
_bSamuel Bagster and Sons Ltd,
_cn.f.
300 _a287 p
650 _aHebreo
_99736
942 _cBK
999 _c22139
_d22139